LEADER 01101nam--2200385---450- 001 990000970240203316 005 20060706102739.0 035 $a0097024 035 $aUSA010097024 035 $a(ALEPH)000097024USA01 035 $a0097024 100 $a20020219d1957----km-y0itay0103----ba 101 $afre 102 $aFR 105 $a||||||||001yy 200 1 $aEcrits de Londres et dernieres lettres$fSimone Weil 210 $aParis$cGallimard$d1957 215 $a217 p$d23 cm 225 2 $aEspoir 410 $12001$aEspoir 606 0 $aPolitica$xSaggi 676 $a320.01 700 1$aWEIL,$bSimone$0159196 801 0$aIT$bsalbc$gISBD 912 $a990000970240203316 951 $aII.1.D. 163(VARIE COLL. 844/1)$b95737 LM$cVARIE COLL. 959 $aBK 969 $aUMA 979 $aPATTY$b90$c20020219$lUSA01$h1600 979 $c20020403$lUSA01$h1739 979 $aPATRY$b90$c20040406$lUSA01$h1707 979 $aCOPAT4$b90$c20050208$lUSA01$h1341 979 $aCOPAT7$b90$c20060706$lUSA01$h1027 996 $aEcrits de Londres et dernieres lettres$9972233 997 $aUNISA